| 000 | 00352nam a2200145Ia 4500 | ||
|---|---|---|---|
| 008 | 230312s9999||||xx |||||||||||||| ||und|| | ||
| 020 | _a1-84710-854-8 | ||
| 082 |
_a332.13 _bKAP-C |
||
| 100 | _aKaplan | ||
| 245 | 0 | _aCAT Association chartered Certified Accountants | |
| 260 |
_bKaplon _aUSA _c2009 |
||
| 300 | _a382 | ||
| 650 | _aEconomics | ||
| 942 | _cBK | ||
| 999 |
_c4787 _d4787 |
||